Centroamérica y la quiebra del "Mare Nostrum" imperialista

Wedi'i Gadw mewn:
Manylion Llyfryddiaeth
Fformat: Texto
Tagiau: Ychwanegu Tag
Dim Tagiau, Byddwch y cyntaf i dagio'r cofnod hwn!

MARC

LEADER 00000 a a2200000 04500
001 46868
003
040
245 |a Centroamérica y la quiebra del "Mare Nostrum" imperialista  
773 |g páginas 455-459  
999 |c 38359  |d 38359